Constitution of Botswana. (Record no. 3481)

MARC details
000 -LEADER
fixed length control field 00681cam a22002531a 4500
001 - CONTROL NUMBER
control field 2924428
003 - CONTROL NUMBER IDENTIFIER
control field OSt
005 - DATE AND TIME OF LATEST TRANSACTION
control field 20230703160002.0
008 - FIXED-LENGTH DATA ELEMENTS--GENERAL INFORMATION
fixed length control field 891109q19831988bs f000 0 eng
010 ## - LIBRARY OF CONGRESS CONTROL NUMBER
LC control number 88980487
040 ## - CATALOGING SOURCE
Original cataloging agency DLC
Transcribing agency DLC
Modifying agency DLC
043 ## - GEOGRAPHIC AREA CODE
Geographic area code f-bs---
082 00 - DEWEY DECIMAL CLASSIFICATION NUMBER
Classification number 342.688
Item number COB
110 1# - MAIN ENTRY--CORPORATE NAME
Corporate name or jurisdiction name as entry element Botswana.
240 10 - UNIFORM TITLE
Uniform title Constitution
245 10 - TITLE STATEMENT
Title Constitution of Botswana.
260 ## - PUBLICATION, DISTRIBUTION, ETC. (IMPRINT)
Place of publication, distribution, etc. [Gaborone?] :
Name of publisher, distributor, etc. Republic of Botswana,
Date of publication, distribution, etc. [between 1983 and 1988]
300 ## - PHYSICAL DESCRIPTION
Extent 74 p. ;
Dimensions 25 cm.
500 ## - GENERAL NOTE
General note Cover title.
650 #0 - SUBJECT ADDED ENTRY--TOPICAL TERM
Topical term or geographic name as entry element Constitutions
Geographic subdivision Botswana.
906 ## - LOCAL DATA ELEMENT F, LDF (RLIN)
a 7
b cbc
c orignew
d 3
e ncip
f 19
g y-gencatlg
942 ## - ADDED ENTRY ELEMENTS (KOHA)
Source of classification or shelving scheme Dewey Decimal Classification
Koha item type Books
Holdings
Withdrawn status Lost status Source of classification or shelving scheme Damaged status Not for loan Home library Current library Date acquired Total Checkouts Full call number Barcode Date last seen Price effective from Koha item type
    Dewey Decimal Classification     County Hall Archives County Hall Archives 07/03/2023   342.688 COB 10010953 07/03/2023 07/03/2023 Books
LIBRARY OPENING HOURS

When the Parliament is sitting: 8.00a.m - 7.00p.m or until the house adjourns
Mondays and Fridays and when the House is on Recess:  8.00a.m - 5.00p.m
Closed on Weekends and Public Holidays

Online Public Access Catalog (OPAC)
Website: http://www.parliament.go.ke
Bunge Library: https://libraryir.parliament.go.ke
Contact: library@parliament.go.ke | Tel no: (254-2)2221291 or 2848000 Ext 5043